000 00479nam a22001811a 4500
001 10411
003 OSt
005 20260204212158.0
008 090106s1972||||dr ||||||b||||||||||spa||
050 _aR Rd 972.9373 I2r
100 _aInchaustegui, Joaquin S.
245 _aReseña histórica de Baní / Joaquín S. Inchaustegui
250 _a2
264 _aSanto Domingo : Taller
300 _a226 p
650 _aHistoria - República Dominicana - BaníÌ
942 _2ddc
_cBK
999 _c10411
_d10411